L'Egitto antico nelle collezioni dell'Italia settentrionale, Museo civico, Bologna, 31 Ottobre - 3 Dicembre 1961 /

محفوظ في:

مؤلف مشترك: Bologna (Italy).‪ Museo civico

مؤلفون آخرون: Curto, Silvio.

التنسيق: كتاب

اللغة: French

منشور في: Bologna : Tamari, 1961.

الطبعة: Second edition.

الموضوعات:

الوسوم: إضافة وسم

لا توجد وسوم, كن أول من يضع وسما على هذه التسجيلة!

رقم الطلب: NK630 .B65 1961

LEADER 00920namaa2200241 4500
003 OSt
005 20201019070047.0
008 160218s1961 it abf g c 000 0 fre d
952 |0 0  |1 0  |2 lcc  |4 0  |6 NK0630 B65 01961  |7 1  |9 6863  |a ARCE  |b ARCE  |d 2020-10-19  |l 0  |o NK630 .B65 1961  |r 2020-10-19 00:00:00  |w 2020-10-19  |y BK 
999 |c 31211  |d 31211 
040 |c ARCE Library 
043 |a f-ua--- 
050 0 4 |a NK630 .B65 1961 
110 1 |a Bologna (Italy).‪  |b Museo civico, 
245 1 3 |a L'Egitto antico nelle collezioni dell'Italia settentrionale,   |b  Museo civico, Bologna, 31 Ottobre - 3 Dicembre 1961 /   |c Catalogo a cura di Silvio Curto. 
250 |a Second edition. 
260 |a Bologna :  |b Tamari,  |c 1961. 
300 |a 175 pages, 72 plates :   |b illustration, maps ;   |c 21 cm. 
500 |a Presentazione" signed : Luziano Laurenzi. 
650 0 |a Art  |z Egypt  |v Exhibitions. 
700 1 |a Curto, Silvio. 
901 |a reviewed 
942 |2 lcc  |c BK